Catholic University of Zimbabwe Library
Online Public Access Catalogue
(OPAC)

Literatur in Österreich 1938-1945 - Band 4: Wien (Record no. 33764)

MARC details
000 -LEADER
fixed length control field 02257nam a22003617a 4500
001 - CONTROL NUMBER
control field 103512
003 - CONTROL NUMBER IDENTIFIER
control field KnowledgeUnlatched
005 - DATE AND TIME OF LATEST TRANSACTION
control field 20210303105136.0
006 - FIXED-LENGTH DATA ELEMENTS--ADDITIONAL MATERIAL CHARACTERISTICS
fixed length control field m o d
007 - PHYSICAL DESCRIPTION FIXED FIELD--GENERAL INFORMATION
fixed length control field cr u||||||||||
008 - FIXED-LENGTH DATA ELEMENTS--GENERAL INFORMATION
fixed length control field 210129p20182019xx o u00| u ger d
037 ## - SOURCE OF ACQUISITION
Institution to which field applies BiblioBoard
020 ## - INTERNATIONAL STANDARD BOOK NUMBER
International Standard Book Number 9783205207092
029 1# - OTHER SYSTEM CONTROL NUMBER (OCLC)
OCLC library identifier https://library.biblioboard.com/ext/api/media/0101a772-3d09-45c6-959e-66c66d254bfe/assets/thumbnail.jpg
040 ## - CATALOGING SOURCE
Original cataloging agency ScCtBLL
Transcribing agency ScCtBLL
100 1# - MAIN ENTRY--PERSONAL NAME
Personal name Baur, Uwe
Relator term author.
245 00 - TITLE STATEMENT
Title Literatur in Österreich 1938-1945 - Band 4: Wien
Remainder of title Handbuch eines literarischen Systems /
Statement of responsibility, etc. Uwe Baur, Karin Gradwohl-Schlacher.
264 #1 - PRODUCTION, PUBLICATION, DISTRIBUTION, MANUFACTURE, AND COPYRIGHT NOTICE
Name of producer, publisher, distributor, manufacturer Böhlau,
300 ## - PHYSICAL DESCRIPTION
Extent 1 online resource (966 p.)
506 0# - RESTRICTIONS ON ACCESS NOTE
Terms governing access Access copy available to the general public.
Standardized terminology for access restriction Unrestricted
Source of term star
520 ## - SUMMARY, ETC.
Summary, etc. Der Band Wien setzt die flächendeckende Bestandsaufnahme des literarischen Lebens in Österreich während des Nationalsozialismus fort. Dem Skandalisieren von Einzelfällen und der Präsenz der Schriftstellerinnen und Schriftsteller im kulturellen Gedächtnis des Landes wird eine umfassende Materialbasis für sachliche Auseinandersetzung mit dem brisanten Thema zur Seite gestellt. Das methodische Anliegen, ein "literarisches Feld" (P. Bourdieu) des deutschen Sprachraums lexikalisch aufzuschließen, wird in einem neuen Typus von Handbuch umgesetzt, einer spezifischen vernetzenden Kombination von Personen- und Institutionenlexikon. Anhand einzelner Parameter wird die Integration der AutorInnen in die unterschiedlichen Systeme von der Monarchie bis zur Zweiten Republik aufgezeigt.
588 0# - SOURCE OF DESCRIPTION NOTE
Source of description note Description based on print version record.
590 ## - LOCAL NOTE (RLIN)
Local note KU Open Services
650 #7 - SUBJECT ADDED ENTRY--TOPICAL TERM
Topical term or geographic name entry element Literary Collections
Source of heading or term bisacsh
655 #7 - INDEX TERM--GENRE/FORM
Genre/form data or focus term Anthologies
Source of term lcgft
655 #0 - INDEX TERM--GENRE/FORM
Genre/form data or focus term Electronic books.
700 1# - ADDED ENTRY--PERSONAL NAME
Personal name Gradwohl-Schlacher, Karin
Relator term author.
758 ## -
-- Is found in:
-- Knowledge Unlatched
-- https://openresearchlibrary.org/module/2774bc74-146a-484f-a7ba-ab1d6a09bbfb
856 40 - ELECTRONIC LOCATION AND ACCESS
Uniform Resource Identifier <a href="https://openresearchlibrary.org/content/0101a772-3d09-45c6-959e-66c66d254bfe">https://openresearchlibrary.org/content/0101a772-3d09-45c6-959e-66c66d254bfe</a>
Public note View this content on Open Research Library.
-- 0
Holdings
Withdrawn status Lost status Source of classification or shelving scheme Damaged status Not for loan Home library Current library Shelving location Date acquired Total Checkouts Date last seen Uniform Resource Identifier Price effective from Koha item type
          Digital Library Digital Library Online Access 03.03.2021   03.03.2021 https://openresearchlibrary.org/content/0101a772-3d09-45c6-959e-66c66d254bfe 03.03.2021 eBook

OPENING HOURS

Weekdays: 0815hrs - 1800hrs
Weekends:0900hrs - 1200hrs

Closed for Mass:

Mon, Thur: 1200hrs - 1300hrs
Sunday & Public Holiday’s

CALL SUPPORT

0242-570570, 0242-570169
09200664, +263 8644140602

LOCATION

18443, Cranborne Avenue, Hatfield, Harare

Other Links


©2021 | CUZ Library